Plan de formación sobre aspectos presupuestarios y contables derivados de la Ley 39/88
Publicado:
Barcelona :
Diputació de Barcelona. Àrea de Règim Interior, Hisenda i Planificació, [s.a]
Descripción Física:
4 v. : taules ; 30 cm
MARC
| LEADER | 00000nam a2200000Ia 4500 | ||
|---|---|---|---|
| 001 | 17920, 17921, 17922, 17923 | ||
| 008 | 160829s9999 xx 000 0 cat d | ||
| 080 | |a M-5-230, M-5-231, M-5-232, M-5-233 | ||
| 110 | 1 | |a Barcelona (Catalunya : Província). |b Diputació |9 52408 | |
| 245 | |a Plan de formación sobre aspectos presupuestarios y contables derivados de la Ley 39/88 | ||
| 260 | |a Barcelona : |b Diputació de Barcelona. Àrea de Règim Interior, Hisenda i Planificació, [s.a] | ||
| 300 | |a 4 v. : |b taules ; |c 30 cm | ||
| 590 | |a Conté: mòdul A: el presupuesto de las entidades locales; mòdul B-1, B-2, B-3: contabilidad pública para la administración local | ||
| 650 | 0 | |a Pressupostos locals |9 23015 | |
| 650 | 0 | |a Finances locals |9 23120 | |
| 866 | |a mòdul A, mòdul B-1, mòdul B-2, mòdul B-3 | ||
| 901 | |a Arxiu | ||
| 942 | |n 1 | ||
| 952 | |0 0 |1 0 |4 0 |6 M5230_M5231_M5232_M5233 |7 1 |9 42466 |a Arxiu |b Arxiu |d 2016-12-01 |l 0 |o M-5-230, M-5-231, M-5-232, M-5-233 |p 17920, 17921, 17922, |r 2016-12-01 00:00:00 |w 2016-12-01 |y ARXIU | ||
| 999 | |c 44971 |d 44971 | ||